| Tag |
First Indicator |
Second Indicator |
Subfields |
| LEADER |
00000cam a2200000Ia 4500 |
| 001 |
in00002518721 |
| 005 |
20151111062034.0 |
| 008 |
090909s2008 tnua 001 0 eng d |
| 020 |
|
|
|a 9780979245565
|
| 020 |
|
|
|a 0979245567
|
| 035 |
|
|
|a (OCoLC)ocn436774013
|
| 035 |
|
|
|a (OCoLC)436774013
|
| 040 |
|
|
|a TXA
|c TXA
|d UtOrBLW
|
| 049 |
|
|
|a TXAM
|
| 090 |
|
|
|a GV1469.63
|b .H46 2008
|
| 100 |
1 |
|
|a Hensley, Shane Lacy.
|
| 245 |
1 |
0 |
|a Savage Worlds /
|c by Shane Hensley [and others].
|
| 246 |
1 |
8 |
|a Savage Worlds :
|b fast! furious! fun!
|
| 250 |
|
|
|a Explorer's ed.
|
| 264 |
|
1 |
|a [Knoxville, Tenn.] :
|b Studio 2 Publishing,
|c [2008]
|
| 264 |
|
4 |
|c ©2008
|
| 300 |
|
|
|a 160 pages :
|b color illustrations ;
|c 23 cm.
|
| 336 |
|
|
|a text
|b txt
|2 rdacontent
|
| 337 |
|
|
|a unmediated
|b n
|2 rdamedia
|
| 338 |
|
|
|a volume
|b nc
|2 rdacarrier
|
| 500 |
|
|
|a "10010"--Cover.
|
| 505 |
0 |
|
|a Character creation -- Gear -- Game rules -- Arcane backgrounds -- Situational rules -- Game mastering -- Villains & monsters.
|
| 650 |
|
0 |
|a Fantasy games.
|
| 994 |
|
|
|a C0
|b TXA
|
| 948 |
|
|
|a cataloged
|b h
|c 2009/9/15
|d o
|e nbehmer
|f 2:44:16 pm
|
| 999 |
|
|
|a MARS
|
| 999 |
f |
f |
|s 95da59fe-b331-3345-b65e-df790f0e859a
|i 1170d7ea-26ae-3fe9-8619-78df1e444847
|t 0
|
| 952 |
f |
f |
|p normal
|a Texas A&M University
|b College Station
|c Sterling C. Evans Library
|d Evans: Library Stacks
|t 0
|e GV1469.63 .H46 2008
|h Library of Congress classification
|i unmediated -- volume
|m A14838876725
|
| 998 |
f |
f |
|a GV1469.63 .H46 2008
|t 0
|l Evans: Library Stacks
|